The moment of creation : (Record no. 6739)

MARC details
000 -LEADER
fixed length control field 01117cam a2200277 a 4500
001 - CONTROL NUMBER
control field 13657075
003 - CONTROL NUMBER IDENTIFIER
control field OSt
005 - DATE AND TIME OF LATEST TRANSACTION
control field 20200311112640.0
008 - FIXED-LENGTH DATA ELEMENTS--GENERAL INFORMATION
fixed length control field 040716r20041983nyua 001 0 eng
010 ## - LIBRARY OF CONGRESS CONTROL NUMBER
LC control number 2004056144
020 ## - INTERNATIONAL STANDARD BOOK NUMBER
International Standard Book Number 0486438139 (pbk.)
040 ## - CATALOGING SOURCE
Original cataloging agency DLC
Transcribing agency DLC
Modifying agency DLC
082 00 - DEWEY DECIMAL CLASSIFICATION NUMBER
Classification number 523.18
Edition number 22
Item number TRE 1983
100 1# - MAIN ENTRY--PERSONAL NAME
Personal name Trefil, James,
Dates associated with a name 1938-
9 (RLIN) 13829
245 14 - TITLE STATEMENT
Title The moment of creation :
Remainder of title big bang physics from before the first millisecond to the present universe /
Statement of responsibility, etc. James S. Trefil ; illustrations by Gloria Walters.
260 ## - PUBLICATION, DISTRIBUTION, ETC. (IMPRINT)
Place of publication, distribution, etc. Mineola, NY :
Name of publisher, distributor, etc. Dover Publications,
Date of publication, distribution, etc. 1983.
300 ## - PHYSICAL DESCRIPTION
Extent vi, 234 p. :
Other physical details ill. ;
Dimensions 21 cm.
500 ## - GENERAL NOTE
General note Originally published: New York : Scribner, c1983.
500 ## - GENERAL NOTE
General note Includes index.
650 #0 - SUBJECT ADDED ENTRY--TOPICAL TERM
Topical term or geographic name as entry element Big bang theory.
9 (RLIN) 8148
650 #0 - SUBJECT ADDED ENTRY--TOPICAL TERM
Topical term or geographic name as entry element Cosmology
General subdivision History.
9 (RLIN) 13830
856 42 - ELECTRONIC LOCATION AND ACCESS
Materials specified Publisher description
Uniform Resource Identifier http://www.loc.gov/catdir/enhancements/fy0618/2004056144-d.html
906 ## - LOCAL DATA ELEMENT F, LDF (RLIN)
a 7
b cbc
c orignew
d 1
e ocip
f 20
g y-gencatlg
942 ## - ADDED ENTRY ELEMENTS (KOHA)
Source of classification or shelving scheme Dewey Decimal Classification
Koha item type Open Shelf
Holdings
Withdrawn status Lost status Source of classification or shelving scheme Damaged status Not for loan Home library Current library Date acquired Source of acquisition Inventory number Total Checkouts Full call number Barcode Date last seen Price effective from Koha item type
    Dewey Decimal Classification     MUST Main Library MUST Main Library 11/03/2020 Purchase 2008/30726   523.18 TRE 1983 2020-0680 11/03/2020 11/03/2020 Open Shelf
    Other/Generic Classification Scheme     MUST Main Library MUST Main Library 12/06/2024   08/30726   523.18 TRE 1983 2024-20303 12/06/2024 12/06/2024 Open Shelf
    Other/Generic Classification Scheme     MUST Main Library MUST Main Library 12/06/2024   08/31015   523.18 TRE 2004 2024-20304 12/06/2024 12/06/2024 Open Shelf